header

Grails 1.1 web application development (Record no. 246295)

MARC details
000 -LEADER
fixed length control field 01222nam a2200301 a 4500
100 1# - MAIN ENTRY--AUTHOR NAME
Personal name Dickinson, Jon.
245 10 - TITLE STATEMENT
Title Grails 1.1 web application development
260 ## - PUBLICATION, DISTRIBUTION, ETC. (IMPRINT)
Place of publication Birmingham, U.K. :
Name of publisher Packt Pub.,
Year of publication 2009.
300 ## - PHYSICAL DESCRIPTION
Number of Pages viii, 310 p. :
Other physical details ill. (some col.)
500 ## - GENERAL NOTE
General note Includes index.
650 #0 - SUBJECT ADDED ENTRY--TOPICAL TERM
Topical Term Web site development.
Topical Term Groovy (Computer program language)
Topical Term Application software
856 40 - ELECTRONIC LOCATION AND ACCESS
Uniform Resource Identifier http://site.ebrary.com/lib/rucke/Doc?id=10442967

No items available.

© 2026 Rongo University
Contact us: librarian | system librarian | Rongo university